000 00759nam a2200265Ia 4500
003 OSt
005 20220925220052.0
006 a|||||r|||| 00| 0
007 ta
008 220923b |||||||| |||| 00| 0 eng d
020 _a0582 48761 7
037 _cGeneral Book
040 _aRTL
_cRTL
_beng
041 _2eng
_aeng
082 _aY9(Z).3.N7, L4
100 _aFreeman M.D.A
_9284134
245 0 _aLegal structure.
260 _aLondon
_bLongman
_c1974
300 _a243p
_ccm.
490 _aAspects of Modern Sociology. The Social Structure of Modern Britain
500 _aBibliography: P 191-227
650 _aSociology of Law
_9230017
942 _hY9(Z).3.N7, L4
_cGB
_2CC
999 _c570473
_d570473